Warlords, Artists & commoners

In this book, some of the leading American and Canadian scholars of Japan focus on a fascinating century. As the the sixteenth century began, Japan seemed to be breaking apart, with central authority powerless, and the populace tormented by incessant warfare among provincial barons.

Đã lưu trong:
书目详细资料
主要作者: Elison, George
格式: 图书
语言:Undetermined
出版: Honolulu University Press of Hawaii 1981
标签: 添加标签
没有标签, 成为第一个标记此记录!
Thư viện lưu trữ: Trung tâm Học liệu Trường Đại học Cần Thơ
LEADER 00768nam a2200181Ia 4500
001 CTU_111839
008 210402s9999 xx 000 0 und d
082 |a 952.02 
082 |b E43 
100 |a Elison, George 
245 0 |a Warlords, Artists & commoners 
245 0 |c George Elison, Bardwell L. Smith 
260 |a Honolulu 
260 |b University Press of Hawaii 
260 |c 1981 
520 |a In this book, some of the leading American and Canadian scholars of Japan focus on a fascinating century. As the the sixteenth century began, Japan seemed to be breaking apart, with central authority powerless, and the populace tormented by incessant warfare among provincial barons. 
904 |i Hiếu 
980 |a Trung tâm Học liệu Trường Đại học Cần Thơ